Частный боевой приказ № 08 штаба Камчатского оборонительного района 2-го Дальневосточного фронта командиру Петропавловской военн...

RUSMARC
00005279cbm0a2200325#x 450
001b97407aa-9202-4a4a-8d21-732c928b6e9a
00520250903093459.0
100##$a20250903d19450819k###0rusy50 ca
1010#$arus
102##$aRU
1220#$ad19450819##
2001#$aЧастный боевой приказ № 08 штаба Камчатского оборонительного района 2-го Дальневосточного фронта командиру Петропавловской военно-морской базы Тихоокеанского флота о занятии базы Катаока
$j19 августа 1945 г.
251##$cДокумент
300##$aКопия
461#0$12001
$aФ. 2450
$1251
$cФонд
$1852
$j2450
462#0$12001
$aОп. 170
$1251
$cОпись
$1852
$j170
462#0$12001
$aД. 26
$vЛ. 112
$1251
$cДело
$1852
$j26
60102$2nlr_sh
$3RU\NLR\AUTH\661497483
$aТихоокеанский флот
$xБоевые действия
$z1945
$jДокументы и материалы
605##$2prlib_sh
$3LIBNET\UAF\0000088514
$aВторая мировая война в архивных документах (Комплекс оцифрованных архивных документов, кино- и фотоматериалов)
$lколлекция
605##$2acquisition_Prlib
$3DITM\AF\0000002775
$aВласть
$lколлекция
605##$2acquisition_Prlib
$3DITM\AF\0000003834
$aНарод
$lколлекция
6061#$2nlr_sh
$3RU\NLR\AUTH\661312452
$aВторая мировая война
$z1939 - 1945
$xЧетвертый период
$z1944 - 1945
$jДокументы и материалы
6061#$2nlr_sh
$3RU\NLR\AUTH\661389111
$aКурильская десантная операция
$z1945
$jДокументы и материалы
686##$a63.3(2)622,14ю1
$2rubbk
$vLBC/M
686##$a63.3(0)62,1ю1
$2rubbk
$vLBC/M
801#0$aRU
$bПБ им. Б.Н. Ельцина
$c20250903
801#1$aRU
$bПБ им. Б.Н. Ельцина
$c20250903
$2rusmarc
801#2$aRU
$bПБ им. Б.Н. Ельцина
$c20250903
$2rusmarc
850##$aЦентральный архив Министерства обороны Российской Федерации
852##$aЦА МО РФ
$jЛ. 112
035##$aLIBNET\0001495750
937##$d198133193
$hФедеральное архивное агентство
8564#$uhttp://readingroom.main.prlib.ru/item.aspx?id_node=n198133193&mode=full
Формат отображения